[Event "HCL-T256"]
[Site "www.playchess.de"]
[Date "2006.01.27"]
[Round "3"]
[White "manifold"]
[Black "stevetilbury"]
[WhiteElo "1589"]
[BlackElo "1608"]
[PlyCount "41"]
[Result "1-0"]

1.e4 e5 2.f4 Qh4+ 3.g3 Qe7 4.Nf3 exf4 5.Nc3 d5 
6.Nxd5 Qxe4+ 7.Qe2 Qxe2+ 8.Bxe2 Bd6 9.Nxf4 Bxf4 
10.gxf4 Nc6 11.d4 Bf5 12.c3 O-O-O 13.Rg1 Re8 
14.Rxg7 Bd3 15.Rg2 Nh6 16.Ne5 Nxe5 17.fxe5 Bxe2 
18.Kxe2 Nf5 19.Rf2 Nd6 20.Be3 Nc4 
21.Rxf7 1-0

[Event "ACL-A645"]
[Site "www.playchess.de"]
[Date "2006.01.27"]
[Round "6"]
[White "pavalinto"]
[Black "Palhares"]
[WhiteElo "1711"]
[BlackElo "1787"]
[PlyCount "90"]
[Result "0-1"]

1.e4 {Good to play you again. Good Luck and a 
great game.}  c5 {good luck to you too. Good 
game!}  2.Nf3 d6 3.d4 cxd4 4.Nxd4 Nf6 5.Nc3 a6 
6.Bg5 e6 7.Qd2 Nc6 8.O-O-O h6 9.Bf4 Bd7 10.Nb3 e5 
11.Be3 Be6 12.f4 Rc8 13.Kb1 b5 14.Bd3 Be7 15.h3 
exf4 16.Bxf4 O-O 17.g4 Ne5 18.g5 hxg5 19.Bxg5 
{Happy Holidays to you!}  Nf3 {happy holidays to 
you too}  20.Qg2 Nxg5 21.Qxg5 Ng4 22.Qf4 Bg5 
23.Qf3 Ne5 24.Qe2 Re8 25.Qg2 b4 26.Nd5 Bxd5 
27.exd5 Nxd3 28.Rxd3 Qe7 29.Nd4 Bf6 30.Nc6 Rxc6 
31.dxc6 Qe1+ 32.Rd1 Qe5 33.c3 {sharp play!}  bxc3 
{yes, and I like my position.}  34.Qc2 {Surely, 
your position looks dangerous to me}  Rb8 35.b3 
Qc5 36.Rhf1 Qxc6 37.Rxf6 gxf6 38.Qd3 Rb5 39.h4 Rc5 
40.Rg1+ Kf8 41.Qh7 Qf3 42.Qg7+ Ke7 43.Qg2 c2+ 
44.Kc1 {Good game! This one is yours and I will 
need some new Chess Soft ware. 

Any Recommendations?}  Qe3+ {mate in four! I 
suppose Fritz is the best, but I wouldn't know I 
use a Mac}  45.Qd2 {I have used ChessLab.com (not 
so good).  You and your MAC seem to hold your own  
against all the Fritzes. Good luck with your other 
games!}  Qxg1+ {Good luck for you too} 
 0-1

[Event "HCL-A2567"]
[Site "www.playchess.de"]
[Date "2006.01.27"]
[Round "3"]
[White "neg001gro"]
[Black "PartyJokker"]
[WhiteElo "1700"]
[BlackElo "1323"]
[PlyCount "37"]
[Result "1-0"]

1.e4 e5 2.Nf3 Nc6 3.Bc4 h6 4.d4 exd4 5.O-O d6 
6.Nxd4 Ne5 7.Bb3 c5 8.f4 Bg4 9.Ba4+ Ke7 10.Nc3 Nf6 
11.fxe5 dxe5 12.Nf5+ Bxf5 13.Nd5+ Nxd5 14.Rxf5 Ke6 
15.Qg4 Nf6 16.Rxe5+ Kxe5 17.Qf4+ Ke6 18.Qf5+ Ke7 
19.Qe5+ 1-0

[Event "HCL-T253"]
[Site "www.playchess.de"]
[Date "2006.01.27"]
[Round "10"]
[White "mrchess"]
[Black "sparpaket"]
[WhiteElo "1438"]
[BlackElo "1535"]
[PlyCount "129"]
[Result "1-0"]

1.e4 c6 2.d4 d5 3.Bd3 dxe4 4.Bxe4 Nf6 5.Bf3 Bf5 
6.c3 e6 7.Qb3 Qc7 8.Bg5 Be7 9.Nd2 O-O 10.Nc4 Nbd7 
11.Ne2 h6 12.Bf4 Qd8 13.Qxb7 Nb6 14.Nxb6 axb6 
15.Qxc6 Bd3 16.Bc7 Qc8 17.Qxb6 Nd5 18.Bxd5 exd5 
19.Nf4 Ra6 20.Qb8 Qf5 21.Qb7 g5 22.Qxd5 gxf4 
23.Qxf5 Bxf5 24.Bxf4 Bg5 25.Bxg5 hxg5 26.Kd2 Rfa8 
27.a3 Rb8 28.b4 Rba8 29.c4 R6xa3 30.Rxa3 Rxa3 
31.d5 Rd3+ 32.Ke2 Rc3 33.c5 Rb3 34.Rc1 Rxb4 35.Ke3 
Kf8 36.d6 Ke8 37.c6 Kd8 38.Rc5 Rb3+ 39.Kd4 Rd3+ 
40.Ke5 Bg6 41.Ra5 f6+ 42.Ke6 Bf7+ 43.Kxf7 Rxd6 
44.Ra8+ Kc7 45.Ra7+ Kb6 46.Re7 Rd2 47.c7 Kb7 48.f3 
Rxg2 49.Kxf6 g4 50.fxg4 Rxg4 51.Rh7 Rf4+ 52.Kg5 
Rc4 53.h4 Rc5+ 54.Kf6 Rc6+ 55.Ke5 Rc5+ 56.Kd6 Rc6+ 
57.Kd5 Rc1 58.h5 Rd1+ 59.Ke6 Re1+ 60.Kf5 Rf1+ 
61.Kg4 Rg1+ 62.Kf3 Rf1+ 63.Kg2 Rc1 64.h6 Rxc7 
65.Rxc7+ 1-0

[Event "HCL-B3830"]
[Site "www.playchess.de"]
[Date "2006.01.27"]
[Round "8"]
[White "cheloveck"]
[Black "Bense"]
[WhiteElo "1187"]
[BlackElo "1108"]
[PlyCount "71"]
[Result "1-0"]

1.d4 e6 2.Nf3 Nf6 3.Nc3 d5 4.Bg5 h6 5.Bxf6 Qxf6 
6.e3 Bb4 7.a3 Bxc3+ 8.bxc3 a6 9.c4 c6 10.c5 Nd7 
11.c4 b6 12.cxb6 Nxb6 13.c5 Nd7 14.Bd3 g5 15.Qa4 
Ke7 16.Qxc6 Rb8 17.O-O Bb7 18.Qd6+ Kd8 19.Ne5 Bc8 
20.Nxd7 Bxd7 21.Qxb8+ Bc8 22.Bxa6 Ke8 23.Qxc8+ Qd8 
24.Qxd8+ Kxd8 25.Rfb1 Ke7 26.c6 Kd6 27.Rbc1 Ra8 
28.c7 Kd7 29.c8Q+ Rxc8 30.Rxc8 f6 31.Rh8 Kd6 
32.Rxh6 g4 33.Rxf6 Ke7 34.Rg6 Kd6 35.Rxg4 Ke7 
36.h4 1-0

[Event "HCL-B3824"]
[Site "www.playchess.de"]
[Date "2006.01.27"]
[Round "10"]
[White "nichju"]
[Black "Bense"]
[WhiteElo "932"]
[BlackElo "1068"]
[PlyCount "133"]
[Result "1-0"]

1.e4 {Greetings from Germany and good luck}  e5 
{Hi, Nice to meet you!}  2.Nf3 f6 3.Nc3 d6 4.d4 a6 
5.d5 c6 6.Be3 Ne7 7.Bc4 cxd5 8.exd5 Nd7 9.O-O g5 
10.Nd2 b5 11.Bd3 Rb8 12.Qh5+ Ng6 13.Bxg6+ Ke7 
14.f4 Bg7 15.Bf5 h6 16.Be6 Qf8 17.Nf3 exf4 18.Bd4 
Ra8 19.Rae1 Kd8 20.Bxd7 Bxd7 21.Bb6+ Kc8 22.Nd4 
Kb7 23.Ba5 Be8 24.Qe2 Rh7 25.Ne6 Qg8 26.Nd8+ Kc8 
27.Qe6+ Qxe6 28.Nxe6 Bg6 29.Nc7 Ra7 30.Ne8 Bxc2 
31.Nxd6+ Kd7 32.Nf7 Bf8 33.Ne5+ fxe5 34.Rxe5 Bg7 
35.Re6 Bxc3 36.bxc3 Bf5 37.Rf6 Be4 38.d6 Ra8 
39.Re1 Re8 40.Rc1 Re6 41.Rxe6 Kxe6 42.Rd1 Rd7 
43.Re1 Kd5 44.Rd1+ Kc6 45.Bb4 Bd5 46.Re1 Bxa2 
47.Re8 Bf7 48.Rc8+ Kd5 49.Ra8 g4 50.Rxa6 Be8 
51.Ra5 Rf7 52.Ra8 h5 53.Rxe8 f3 54.gxf3 gxf3 
55.Re7 Rf8 56.d7 f2+ 57.Kf1 Kc6 58.Re8 Kxd7 
59.Rxf8 Kc6 60.Rxf2 h4 61.Rf6+ Kd5 62.Rh6 Ke5 
63.Rxh4 Kd5 64.Rh5+ Kc4 65.h4 Kb3 66.Rxb5 Kc2 
67.h5 1-0

[Event "HCL-A2471"]
[Site "www.playchess.de"]
[Date "2006.01.27"]
[Round "18"]
[White "taroak"]
[Black "Marius_sah"]
[WhiteElo "1455"]
[BlackElo "1406"]
[PlyCount "61"]
[Result "1-0"]

1.e4 {GL
}  e5 {Hi. Good luck!}  2.Nf3 Nc6 3.Nc3 g6 4.d4 
exd4 5.Nxd4 Bg7 6.Be3 d6 7.Be2 Bd7 8.O-O Nge7 
9.Qd2 O-O 10.Kh1 Nxd4 11.Bxd4 Bxd4 12.Qxd4 Nc6 
13.Qd2 Re8 14.Bd3 Qh4 15.Rae1 Ne5 16.Nd5 Rac8 
17.g3 Qh3 18.f4 Nxd3 19.Nf6+ Kh8 20.Qxd3 Re7 
21.Qc3 Re6 22.Nxd7+ Kg8 23.Nf6+ Kf8 24.Nd5 Kg8 
25.f5 gxf5 26.Rxf5 h6 27.Nf6+ Kf8 28.Nd5 Qg4 
29.Ref1 Qxe4+ 30.Kg1 f6 31.Nxf6 1-0

[Event "HCL-B3833"]
[Site "www.playchess.de"]
[Date "2006.01.27"]
[Round "10"]
[White "GMO"]
[Black "Skipper_Robert"]
[WhiteElo "1316"]
[BlackElo "1044"]
[PlyCount "107"]
[Result "1-0"]

1.d4 d5 2.Nf3 Bg4 3.e3 Bxf3 4.Qxf3 e6 5.Bd3 Nf6 
6.O-O Bd6 7.h3 Nc6 8.c3 e5 9.dxe5 Nxe5 10.Qe2 O-O 
11.Nd2 Qd7 12.Nb3 a6 13.Nd4 g6 14.e4 Rfe8 15.Bf4 
b5 16.Bxe5 Bxe5 17.Nf3 d4 18.c4 c6 19.c5 b4 20.b3 
a5 21.Rac1 a4 22.Rfe1 Qe6 23.Bc4 Qd7 24.Ng5 Ref8 
25.Qd2 h6 26.Nf3 g5 27.Nxe5 Qd8 28.Nxc6 Qc7 29.Bb5 
Rfd8 30.Qxb4 d3 31.Rcd1 axb3 32.axb3 Rd7 33.Qc3 
Nh5 34.Ne5 Rdd8 35.b4 f6 36.Bc4+ Kg7 37.Ng4 Qf4 
38.Bxd3 Ra2 39.Re3 Kg6 40.e5+ f5 41.Bxf5+ Qxf5 
42.Rxd8 Nf4 43.Rd2 Qb1+ 44.Kh2 Rxd2 45.Qxd2 Qf1 
46.f3 h5 47.Re1 Qc4 48.Qd6+ Kf7 49.Nh6+ Kg7 
50.Nf5+ Kg8 51.Ne7+ Kh7 52.Nf5 Qxb4 53.Qh6+ 
{Sorry, my friend!}  Kg8 {very good}  54.Qg7+ 
{Thanks!}  1-0

[Event "HCL-E1526"]
[Site "www.playchess.de"]
[Date "2006.01.27"]
[Round "1"]
[White "HOTSUN"]
[Black "BohdanL"]
[WhiteElo "1626"]
[BlackElo "1466"]
[PlyCount "71"]
[Result "1-0"]

1.e4 {hi}  g6 {hi}  2.b3 {christmas tomorrow. id 
like a queen please.}  Bg7 {you have one, but ok, 
you can get 8 more, do not miss your chances :-)}  
3.Nc3 {ok}  c5 4.Bb2 Nc6 5.Nf3 a6 6.Be2 Nf6 7.d3 
O-O 8.O-O d6 9.Re1 b5 10.Nd5 e5 11.a3 Bb7 12.Bc1 
h6 13.Be3 Nxd5 14.exd5 Ne7 15.c4 Nf5 16.Ra2 {you 
missed  pe4}  Nxe3 {i do not know, whether B-R 
exchange now would be in my favor}  17.fxe3 {i 
think it would have been good 4u}  Bc8 18.Qc2 f5 
19.h3 e4 20.dxe4 fxe4 21.Qxe4 Bf5 22.Qh4 Qe8 
23.Bd1 Qf7 24.Bc2 g5 25.Qg3 Rae8 26.Bxf5 Qxf5 
27.Qxd6 Rxe3 28.Rae2 Rxe2 29.Rxe2 Bd4+ 30.Nxd4 
Qf1+ 31.Kh2 Rf6 {this game is lost already}  
32.Re8+ {yes i think your right}  Kg7 {this is not 
move i expected}  33.Ne6+ {oh was worse than the 
move you expected or better,did i miss something?} 
 Kg6 {no, all your moves now ok}  34.Rg8+ {ok}  
Kf5 35.Rf8 Rxf8 36.Qxf8+ {gg thanks} 
 1-0

[Event "HCL-C3995"]
[Site "www.playchess.de"]
[Date "2006.01.27"]
[Round "17"]
[White "Doc"]
[Black "jlms"]
[WhiteElo "1090"]
[BlackElo "1230"]
[PlyCount "44"]
[Result "0-1"]

1.e4 e5 2.Nf3 d5 3.exd5 Qxd5 4.Nc3 Qe6 5.Nb5 Qb6 
6.Nxe5 Bc5 7.Qf3 Be6 8.Bd3 Nc6 9.Nxc6 bxc6 10.O-O 
Nf6 11.Be2 O-O 12.c3 cxb5 13.b4 Bd6 14.d4 Bd5 
15.Qf5 Be4 16.Qh3 Qc6 17.f3 Qxc3 18.Rb1 Bxb1 
19.Bxb5 Qxd4+ 20.Kh1 Qxb4 21.Bc6 Qc4 22.Bxa8 
Qxf1+ 0-1

[Event "HCL-C3982"]
[Site "www.playchess.de"]
[Date "2006.01.27"]
[Round "17"]
[White "CallDutte"]
[Black "moggo"]
[WhiteElo "1200"]
[BlackElo "924"]
[PlyCount "77"]
[Result "1-0"]

1.e4 d6 2.Bc4 Nf6 3.d3 a5 4.Nf3 g6 5.O-O Bg4 6.h3 
Bxf3 7.Qxf3 Nbd7 8.Bg5 Ne5 9.Qe2 c6 10.Bxf6 exf6 
11.d4 d5 12.dxe5 dxc4 13.Qxc4 b5 14.Qxc6+ Ke7 
15.Qxf6+ Kd7 16.Rd1+ Bd6 17.Rxd6+ Kc7 18.Rxd8 
Rhxd8 19.Qxf7+ Kc8 20.Nc3 Rd2 21.Rd1 Rxd1+ 22.Nxd1 
Kb8 23.Qf8+ Kb7 24.Qxa8+ Kxa8 25.e6 Kb7 26.e7 Kc6 
27.e8Q+ Kc5 28.Qe6 b4 29.b3 a4 30.bxa4 h5 31.Ne3 
g5 32.Qd5+ Kb6 33.Nc4+ Kc7 34.Qd6+ Kc8 35.Nb6+ Kb7 
36.a5 g4 37.Qd7+ Ka6 38.Qd5 gxh3 
39.Qxh5 1-0

[Event "HCL-C4060"]
[Site "www.playchess.de"]
[Date "2006.01.27"]
[Round "6"]
[White "Milosforman"]
[Black "tusnelda"]
[WhiteElo "863"]
[BlackElo "1187"]
[PlyCount "78"]
[Result "0-1"]

1.d4 d5 2.Nf3 Nf6 3.Bg5 Bf5 4.Nc3 Nc6 5.Bxf6 exf6 
6.e3 Bd6 7.Bd3 Be6 8.O-O g5 9.Re1 h5 10.Nb5 g4 
11.Nh4 Qd7 12.Nxd6+ cxd6 13.Bb5 O-O-O 14.Qd3 a6 
15.Ba4 f5 16.b3 Qe7 17.c4 Qxh4 18.Re2 Qf6 19.Bxc6 
bxc6 20.c5 Kd7 21.Qxa6 Rdc8 22.cxd6 Kxd6 23.Rc1 
Rc7 24.b4 Qd8 25.b5 Qa8 26.Rxc6+ Rxc6 27.Qxc6+ 
Qxc6 28.bxc6 Kxc6 29.a4 Kb6 30.Ra2 Ka5 31.g3 f4 
32.exf4 Bf5 33.Kg2 Rc8 34.f3 Rc3 35.fxg4 hxg4 
36.Kf2 Rf3+ 37.Ke2 Bd3+ 38.Ke1 Rf1+ 39.Kd2 
Rf2+ 0-1

[Event "HCL-A2543"]
[Site "www.playchess.de"]
[Date "2006.01.27"]
[Round "12"]
[White "Marius_sah"]
[Black "froilo"]
[WhiteElo "1501"]
[BlackElo "1386"]
[PlyCount "76"]
[Result "0-1"]

1.e4 {Hi. Good luck!}  c5 {thanks, same wish}  
2.Nf3 d6 3.d4 cxd4 4.Nxd4 Nf6 5.Nc3 a6 6.Bc4 b5 
7.Bd3 g6 8.O-O Bg7 9.f4 Qb6 10.Be3 Ng4 11.Nd5 Qa7 
12.Nf5 Nxe3 13.Nfxe3 e6 14.Kh1 exd5 15.exd5 O-O 
16.Qf3 Bxb2 17.Rab1 Bd4 18.Ng4 Bxg4 19.Qxg4 Nd7 
20.f5 Ne5 21.Qg3 Nxd3 22.cxd3 Be5 23.Qg4 Qd4 
24.Qe4 Rac8 25.fxg6 fxg6 26.Rxf8+ Rxf8 27.Rc1 Qf2 
28.Rg1 Rf4 29.Qe1 Qxa2 30.Qc1 Rh4 31.Qc8+ Kg7 
32.h3 Qxd5 33.Rf1 Rf4 34.Rxf4 Bxf4 35.Qd7+ Kh6 
36.Qd8 Qe5 37.Qh4+ Kg7 38.d4 Qe4 0-1

[Event "HCL-A2467"]
[Site "www.playchess.de"]
[Date "2006.01.28"]
[Round "7"]
[White "goathed"]
[Black "kum"]
[WhiteElo "1309"]
[BlackElo "1600"]
[PlyCount "97"]
[Result "1-0"]

1.d4 d5 2.c4 e5 3.dxe5 d4 4.Nf3 c5 5.e3 Nc6 6.exd4 
cxd4 7.Bd3 h6 8.O-O Bc5 9.Nbd2 Nge7 10.Nb3 b6 
11.Re1 O-O 12.Qc2 Nb4 13.Qd2 Nxd3 14.Qxd3 Bf5 
15.Qd2 Qd7 16.Nxc5 bxc5 17.Qa5 Rfc8 18.b3 Bg4 
19.Nd2 Qc7 20.Qxc7 Rxc7 21.h3 Be6 22.Ne4 a5 23.Ba3 
Rac8 24.Nd6 Ra8 25.Nb5 Rc6 26.Nxd4 cxd4 27.Bxe7 a4 
28.Bd6 axb3 29.axb3 Rxa1 30.Rxa1 f6 31.f4 fxe5 
32.fxe5 Rb6 33.Ra3 Kf7 34.Kf2 g5 35.g4 Kg6 36.Kf3 
h5 37.Bc5 Rc6 38.Bxd4 hxg4+ {(offering draw)}  
39.hxg4 Rc7 {(offering draw)}  40.Ra6 Kf7 
{(offering draw)}  41.Be3 Rb7 {(offering draw)}  
42.Rb6 Bc8 {(offering draw)}  43.Rxb7+ Bxb7+ 
44.Kg3 Kg6 {(offering draw)}  45.b4 Bc8 46.c5 Bd7 
47.Kf3 Bc6+ {(offering draw)}  48.Kg3 Bd7 
{(offering draw)}  49.Kf3 1-0

[Event "HCL-B3831"]
[Site "www.playchess.de"]
[Date "2006.01.28"]
[Round "21"]
[White "je_suis_tahmid"]
[Black "RUDI"]
[WhiteElo "1180"]
[BlackElo "1237"]
[PlyCount "79"]
[Result "1-0"]

1.e4 e5 {Hello from Germany!}  2.Nf3 Nc6 3.d4 exd4 
4.Nxd4 Nxd4 5.Qxd4 d6 6.Nc3 Be6 7.Be3 Nf6 8.f3 Be7 
9.O-O-O O-O 10.g4 b6 11.h4 a6 12.h5 h6 13.g5 hxg5 
14.Bxg5 Nh7 15.Bxe7 Qxe7 16.f4 Qf6 17.e5 dxe5 
18.fxe5 Qg5+ 19.Kb1 Rad8 20.Qe4 Rxd1+ 21.Nxd1 a5 
22.Bd3 Qh6 23.Ne3 f6 24.exf6 Rxf6 25.Nd5 Bxd5 
26.Qxd5+ Rf7 27.Rf1 Ng5 28.Re1 Nh7 29.Re8+ Nf8 
30.Re7 Qxh5 31.Qxh5 Rxe7 32.Bc4+ Ne6 33.Qg5 Kf8 
34.Qf5+ Ke8 35.Bxe6 Kd8 36.Qd5+ Ke8 37.a3 g6 
38.Bg4 Re1+ 39.Ka2 Re7 40.Qg8+ 1-0

[Event "HCL-B3808"]
[Site "www.playchess.de"]
[Date "2006.01.28"]
[Round "3"]
[White "djpnola"]
[Black "The_Iceman75"]
[WhiteElo "1173"]
[BlackElo "1473"]
[PlyCount "56"]
[Result "0-1"]

1.f4 {Hello}  d5 {God luck to you}  2.d4 {You, 
too.}  Bf5 3.Nc3 Nf6 4.h3 h5 5.e3 Nbd7 6.Bd3 Bxd3 
7.Qxd3 e6 8.Nf3 c5 9.dxc5 Nxc5 10.Qb5+ Qd7 11.Ne5 
Qxb5 12.Nxb5 Na6 13.Bd2 Bc5 14.O-O-O O-O 15.g4 
Rac8 16.b4 Nxb4 17.Bxb4 Bxb4 18.Nxa7 Rca8 19.Nb5 
Rxa2 20.Kb1 Rfa8 21.Rd3 R2a1+ 22.Kb2 Rxh1 23.Nc7 
Raa1 24.c3 Rhb1+ 25.Kc2 Rbc1+ 26.Kd2 Ne4+ 27.Ke2 
Rc2+ 28.Kf3 Rf2+ 0-1

[Event "HCL-A2515"]
[Site "www.playchess.de"]
[Date "2006.01.28"]
[Round "2"]
[White "agmac"]
[Black "Kinslayer"]
[WhiteElo "1620"]
[BlackElo "1900"]
[PlyCount "93"]
[Result "1-0"]

1.e4 c5 {Hi!}  2.Nf3 {Hi, good luck :)}  Nc6 3.d4 
cxd4 4.Nxd4 Nf6 5.Nc3 e5 6.Ndb5 d6 7.Nd5 Nxd5 
8.exd5 Nb8 9.Be3 a6 10.Na3 Be7 11.Be2 O-O 12.O-O 
Nd7 13.Qd2 f5 14.f4 e4 15.c3 b5 16.Nc2 Bf6 17.a4 
Bb7 18.axb5 axb5 19.Rxa8 Bxa8 20.Bxb5 Nc5 21.b4 
Nb3 22.Qe2 Qc7 23.Bc4 Rc8 24.Bxb3 Qxc3 25.Qa6 Rd8 
26.Rb1 h6 27.Qc4 Qxc4 28.Bxc4 Rc8 29.Na3 Kf8 30.b5 
Bb7 31.Ba7 Ra8 32.b6 Rc8 33.Nb5 Ke7 34.Nc7 Bd4+ 
35.Kf1 g6 {(offering draw)}  36.Ba6 Rxc7 37.bxc7 
Bxa6+ {(offering draw)}  38.Ke1 Bxa7 39.Ra1 Bb6 
40.Rxa6 Bxc7 41.Ke2 Kf6 42.g3 Bb8 43.Rb6 Bc7 
44.Rc6 Bb8 45.h4 h5 46.Kf1 Ke7 
47.Rc8 1-0

[Event "HCL-C4066"]
[Site "www.playchess.de"]
[Date "2006.01.28"]
[Round "5"]
[White "IRONMAIDEN"]
[Black "daveboy6968"]
[WhiteElo "1397"]
[BlackElo "1008"]
[PlyCount "83"]
[Result "1-0"]

1.e4 e5 2.Nc3 Bc5 3.Bc4 f6 4.d3 Ne7 5.Nf3 d6 6.O-O 
Bg4 7.Qe2 Nbc6 8.Be3 Nd4 9.Bxd4 Bxd4 10.h3 Bd7 
11.Rab1 Bxc3 12.bxc3 b6 13.d4 Ba4 14.Bb5+ Bxb5 
15.Qxb5+ c6 16.Qe2 c5 17.dxc5 dxc5 18.Rbd1 Qc7 
19.c4 Ng6 20.Rd2 Nf4 21.Qd1 O-O 22.Re1 Rfd8 
23.Rxd8+ Rxd8 24.Qc1 Rd6 25.Kh2 a5 26.Rd1 Ne2 
27.Qa1 Nd4 28.Nxd4 cxd4 29.Qb2 Qxc4 30.Rd3 b5 
31.Qa3 Rc6 32.Qxa5 b4 33.Rb3 Qxc2 34.Qd5+ Kf8 
35.Rxb4 Qc3 36.Rb8+ Rc8 37.Qd6+ Kf7 38.Qd7+ Kg6 
39.Qxc8 Qd2 40.Qg4+ Kf7 41.Rb7+ Kf8 
42.Qc8+ 1-0

[Event "HCL-B3847"]
[Site "www.playchess.de"]
[Date "2006.01.28"]
[Round "19"]
[White "nico21"]
[Black "IRONMAIDEN"]
[WhiteElo "1512"]
[BlackElo "1253"]
[PlyCount "51"]
[Result "1-0"]

1.e4 e5 2.Nf3 Nc6 3.Bb5 Bd6 4.O-O a6 5.Ba4 b5 
6.Bb3 Nf6 7.Re1 O-O 8.c3 Bc5 9.d4 exd4 10.cxd4 Bb6 
11.Bc2 d6 12.h3 Nh5 13.Bg5 f6 14.Bb3+ Kh8 15.Be3 
f5 16.Ng5 fxe4 17.Qxh5 Bf5 18.Nf7+ Rxf7 19.Qxf7 
Qh4 20.Qxf5 Nxd4 21.Bxd4 Bxd4 22.Nc3 Bxc3 23.bxc3 
c6 24.Rxe4 Qd8 25.Rae1 h6 26.Qg6 1-0

[Event "HCL-A2566"]
[Site "www.playchess.de"]
[Date "2006.01.28"]
[Round "8"]
[White "lunchpail"]
[Black "pop3dan"]
[WhiteElo "1330"]
[BlackElo "1639"]
[PlyCount "64"]
[Result "1/2-1/2"]

1.d4 Nf6 2.Nd2 d5 3.Ngf3 Bf5 4.e3 e6 5.c4 Be7 
6.Qb3 b6 7.cxd5 exd5 8.Be2 O-O 9.O-O Nbd7 10.Qd1 
c5 11.b3 Ne4 12.Bb2 Bf6 13.Nxe4 Bxe4 14.Nd2 Bg6 
15.Rc1 Rc8 16.Bg4 Qe7 17.Nf3 Rc7 18.Qd2 h5 19.Bh3 
Be4 20.Bxd7 Qxd7 21.dxc5 Bxb2 22.Qxb2 Bxf3 23.gxf3 
bxc5 24.Qe5 g6 25.Kh1 Re8 26.Qg5 Kg7 27.Rfg1 Kh7 
28.Rg3 Qd6 29.Rcg1 Re5 30.Qf4 Re6 31.Qg5 Re5 
32.Qf4 Re6 {(offering draw)}  1/2-1/2

[Event "HCL-T250"]
[Site "www.playchess.de"]
[Date "2006.01.28"]
[Round "6"]
[White "Grabanzito"]
[Black "gsmaior"]
[WhiteElo "1725"]
[BlackElo "1976"]
[PlyCount "120"]
[Result "1/2-1/2"]

1.e4 c5 2.d4 cxd4 3.c3 dxc3 {greetings from 
Brazil, Rio de Janeiro, a nice game to you !}  
4.Nxc3 {Thank you and hello from Cologne, 
Germany.I wis you a sucessful tournament}  Nc6 
5.Nf3 d6 6.Bc4 e6 7.O-O Nf6 8.Qe2 Be7 9.Rd1 Bd7 
10.Bf4 e5 11.Be3 a6 12.Nd5 Nxd5 13.Bxd5 O-O 
14.Rac1 Rc8 15.a3 Kh8 16.Nd2 f5 17.Nc4 b5 18.Nb6 
Nd4 19.Bxd4 Rxc1 20.Rxc1 exd4 21.Nxd7 Qxd7 22.Qd3 
fxe4 23.Bxe4 Qe6 24.Rc6 Qa2 25.Qb1 Qxb1+ 26.Bxb1 
Ra8 27.Kf1 g6 28.Ke2 Ra7 29.Be4 Kg7 30.Kd3 Kf7 
31.g3 Ke6 32.f4 Bf6 33.h4 Ke7 34.Bd5 Kd7 35.Rc2 
Kd8 36.Re2 Re7 37.Rxe7 Kxe7 38.b4 Kd7 39.Bb7 d5 
40.Bxd5 Kc7 41.Bg8 h6 42.Bf7 g5 43.fxg5 hxg5 44.h5 
Bg7 45.Bd5 Kb6 46.Ke4 a5 47.Kf5 axb4 48.axb4 d3 
49.Kxg5 Bc3 50.Kg6 Bxb4 51.h6 Kc5 52.Bb3 Bc3 
53.Kf5 Kb4 54.Bd1 Bd4 55.g4 Kc3 56.Ke4 b4 57.g5 d2 
58.g6 b3 59.Bxb3 Kxb3 60.g7 d1Q {(offering draw)} 
 1/2-1/2

[Event "HCL-E1539"]
[Site "www.playchess.de"]
[Date "2006.01.28"]
[Round "28"]
[White "yannick"]
[Black "Dutchin"]
[WhiteElo "1604"]
[BlackElo "1637"]
[PlyCount "52"]
[Result "0-1"]

1.e4 {hi,good tournament}  e5 {Thanks gl to you 
too!}  2.Nf3 Nf6 3.Nc3 Bb4 4.Bc4 O-O 5.O-O d6 
6.Ng5 Nc6 7.Nxf7 Rxf7 8.Bxf7+ Kxf7 9.Qe2 Be6 
10.Qb5 Rb8 11.d3 a6 12.Qa4 b5 13.Qxa6 Rb6 14.Qxb6 
cxb6 15.Nxb5 Bc5 16.Bg5 d5 17.c3 dxe4 18.Bxf6 Qxf6 
19.b4 Be7 20.f4 exf4 21.g3 f3 22.dxe4 Bc4 23.a4 
Bxf1 24.Kxf1 Ne5 25.Rd1 Qh6 26.Kg1 
Qe3+ 0-1

[Event "HCL-E1542"]
[Site "www.playchess.de"]
[Date "2006.01.28"]
[Round "3"]
[White "Mosaik"]
[Black "Bauarbeiter"]
[WhiteElo "1816"]
[BlackElo "1805"]
[PlyCount "108"]
[Result "0-1"]

1.e4 c5 2.Nf3 d6 3.d4 cxd4 4.Nxd4 Nf6 5.Nc3 g6 
6.Be3 Bg7 7.f3 a6 8.Qd2 Nc6 9.O-O-O Ne5 10.Kb1 b5 
11.Be2 e6 12.Ndxb5 axb5 13.Bxb5+ Bd7 14.Qxd6 Qb8 
15.Bc5 Qxd6 16.Bxd6 Nc6 17.e5 Nh5 18.g3 Ra7 19.a3 
Nxe5 20.f4 Ng4 21.Rd2 Bxc3 22.Bxd7+ Rxd7 23.bxc3 
Ngf6 24.Re1 Nd5 25.Be5 O-O 26.c4 Ndf6 27.Red1 Rxd2 
28.Rxd2 Rc8 29.Kb2 Kf8 30.Kb3 Ne4 31.Re2 Nhf6 
32.c3 Nc5+ 33.Kc2 Nfe4 34.g4 f6 35.Bd4 Ra8 
36.Bxc5+ Nxc5 37.Kb2 Nd3+ 38.Kb1 Nxf4 39.Ra2 Ra4 
40.Kc2 Rxc4 41.a4 Nd5 42.Ra3 Rxc3+ 43.Rxc3 Nxc3 
44.Kxc3 Ke7 45.Kd4 Kd6 46.h4 f5 47.g5 f4 48.Ke4 e5 
49.Kf3 Kc5 50.Ke4 Kb4 51.Kxe5 f3 52.Kf6 f2 53.Kg7 
f1Q 54.Kxh7 Qf5 0-1

[Event "HCL-A2467"]
[Site "www.playchess.de"]
[Date "2006.01.28"]
[Round "1"]
[White "kum"]
[Black "schachsky"]
[WhiteElo "1600"]
[BlackElo "1195"]
[PlyCount "50"]
[Result "0-1"]

1.e4 e5 {Hello have a nice game!}  2.f4 exf4 3.Nf3 
c5 4.Bc4 d6 5.d3 Bg4 6.Bxf4 Nf6 7.O-O Be7 8.Nc3 
O-O 9.h3 Bd7 10.a3 a6 11.Nd5 Nc6 12.Nxe7+ Qxe7 
13.Bg5 h6 14.Bh4 b5 15.Ba2 Be6 16.Bxf6 Qxf6 17.c3 
Qg6 18.Nh4 Qg3 {Best wishes for 2006!}  19.Nf5 Qe5 
20.Qg4 Bxf5 21.Rxf5 Qe7 22.Raf1 Ne5 23.Qg3 g6 
24.d4 cxd4 25.cxd4 Kh7 0-1

[Event "HCL-A2471"]
[Site "www.playchess.de"]
[Date "2006.01.28"]
[Round "7"]
[White "Jule"]
[Black "AidyT"]
[WhiteElo "1416"]
[BlackElo "1345"]
[PlyCount "85"]
[Result "1-0"]

1.Nf3 d5 {Hi from Scotland and good luck}  2.d4 
{Hi, greetings from Hambourg and likewise good 
luck}  Nc6 3.h3 Bf5 4.Bf4 Nf6 5.e3 e6 6.Be2 Bb4+ 
7.c3 Ba5 8.Nbd2 O-O 9.O-O a6 10.b4 Bb6 11.a3 a5 
12.b5 Na7 13.a4 c6 14.c4 cxb5 15.c5 Bc7 16.Bxc7 
Qxc7 17.axb5 Nc8 18.Qb3 Be4 19.Ng5 Bg6 20.b6 Qd8 
21.Ngf3 h6 22.Qb5 Be4 23.Ne5 Re8 24.Rxa5 Rxa5 
25.Qxa5 {I wish happy Chritmas. All your wishes  
`ld like to arrive you and your family}  Nd7 
{Merry Christmas and all the best from my family 
and I to you and your family}  26.Bb5 {Thank you 
very much}  Re7 27.Bxd7 Rxd7 28.Nxd7 Qxd7 29.Nxe4 
dxe4 30.Rc1 Ne7 31.Qa2 Nd5 32.Qc2 Nb4 33.Qxe4 {a 
happy new year}  f5 {Happy new year to you too.}  
34.Qb1 Nd5 35.e4 fxe4 36.Qxe4 Nf6 37.Qe5 Qe8 
38.Re1 Kf7 39.Qc7+ Qe7 40.Re3 Nd5 41.Rf3+ Ke8 
42.Qc8+ Qd8 43.Rf8+ 1-0

[Event "HCL-C3981"]
[Site "www.playchess.de"]
[Date "2006.01.28"]
[Round "6"]
[White "Kannsnich"]
[Black "EdDaChed"]
[WhiteElo "1118"]
[BlackElo "1096"]
[PlyCount "101"]
[Result "1-0"]

1.c4 e5 2.Nc3 Nc6 3.Nf3 b6 4.g3 Ba6 5.b3 Nf6 6.Bg2 
Nb4 7.Nxe5 Qe7 8.d4 Rc8 9.O-O b5 10.cxb5 Bb7 
11.Bxb7 Rb8 12.Bg2 Qe6 13.a3 Nbd5 14.Nxd5 Nxd5 
15.a4 d6 16.Nc6 Rb7 17.Bb2 g6 18.Rc1 Bg7 19.e4 Ne7 
20.d5 Bxb2 21.dxe6 Bxc1 22.exf7+ Kxf7 23.Qxc1 Rb6 
24.Nxe7 Kxe7 25.Qxc7+ Ke6 26.Rc1 h5 27.Qxa7 Rhb8 
28.Qc7 g5 29.Rc6 R6b7 30.Qxd6+ Kf7 31.Rc7+ Kg8 
32.Rxb7 Rxb7 33.Qd5+ {and one big guy more for me} 
 Rf7 34.Qxf7+ Kxf7 35.b6 Kf6 36.b7 g4 37.b8Q Kg5 
38.Qf4+ Kg6 39.e5 h4 40.Qxg4+ Kf7 41.Bd5+ Kf8 
42.Qe6 Kg7 43.Qf6+ Kh7 44.e6 hxg3 45.hxg3 Kg8 
46.e7+ Kh7 47.Qf7+ Kh6 48.e8R Kg5 49.Rg8+ Kh6 
50.Qf6+ Kh7 51.Qg7+ 1-0

[Event "HCL-M875"]
[Site "www.playchess.de"]
[Date "2006.01.28"]
[Round "5"]
[White "dzwonek"]
[Black "Jeroen"]
[WhiteElo "1991"]
[BlackElo "2025"]
[PlyCount "59"]
[Result "1/2-1/2"]

1.d4 {Greetings from Poland!!!}  Nf6 {Thanks, have 
a good game.}  2.c4 c5 3.d5 b5 4.cxb5 a6 5.b6 d6 
6.Nc3 Qxb6 7.Nf3 g6 8.e4 Bg7 9.Nd2 O-O 10.Be2 Qc7 
11.Nc4 Bb7 12.O-O Nbd7 13.Bf4 Nb6 14.Ne3 Rad8 
15.a4 a5 16.Qb3 Nfd7 17.Nb5 Qb8 18.h4 h5 19.Qc2 
Ba6 20.Qd2 Nxa4 21.Qxa5 Bxb5 22.Bxb5 Nxb2 23.Bg5 
f6 24.Bf4 c4 25.Rab1 c3 26.Qxc3 Qxb5 27.Rxb2 Qc5 
28.Qd3 Qc7 29.Rfb1 Rdb8 30.R2xb8 {(offering draw)} 
 1/2-1/2